MLS Logos By Color - Statistics

General Stats
  • This quiz has been taken 61 times
  • The average score is 18 of 29
Answer Stats
Picture Answer % Correct
LA Galaxy
90%
Portland Timbers
88%
Seattle Sounders
86%
Inter Miami
83%
Atlanta United
79%
Colorado Rapids
76%
LAFC
76%
Columbus Crew
74%
Orlando City
71%
Houston Dynamo
67%
Real Salt Lake
67%
Sporting Kansas City
67%
Austin FC
62%
FC Cincinnati
62%
Toronto FC
62%
Nashville SC
60%
San Jose Earthquakes
60%
Minnesota United
55%
New England Revolution
55%
FC Dallas
52%
Vancouver Whitecaps
52%
Philadelphia Union
48%
NYCFC
45%
DC United
43%
St. Louis City
43%
New York Red Bulls
40%
Chicago Fire
38%
CF Montreal
36%
Charlotte FC
29%
No matching quizzes found
Score Distribution
Percent of People with Each Score
Percentile by Number Answered
Your Score History
You have not taken this quiz